| 000 | 00393nam a2200169Ia 4500 | ||
|---|---|---|---|
| 999 |
_c28291 _d28291 |
||
| 003 | 0100 | ||
| 005 | 20180214150152.0 | ||
| 008 | 130303s9999 xx 000 0 und d | ||
| 040 | _cARRUPELIB | ||
| 050 | _aDT709.W56 1977 | ||
| 100 |
_aWinter, Colin O'Brien _939217 |
||
| 245 | _aNamibia | ||
| 260 |
_aMichigan _bWilliam B.EErdmans Publishing Company _c1977 |
||
| 300 | _a234p. | ||
| 300 | _b 22cm. | ||
| 650 |
_aSouth West Africa _xRace questions _939218 |
||
| 650 |
_aBishops _xBiography _zSouth West Africa _939219 |
||
| 650 |
_aChurch of England _xBishops _xBiography _939220 |
||
| 650 |
_aWinter, Colin _939221 |
||
| 650 |
_aChurch and race problems _zSouth West Africa _939222 |
||
| 942 |
_2lcc _cMONOGRAPH |
||